| 000 | 00433pab a2200157 454500 | ||
|---|---|---|---|
| 008 | 180718b2005 xxu||||| |||| 00| 0 eng d | ||
| 100 | _aLevine, Ross | ||
| 245 | _aThe corporate governance of banks: a concise discussion of concepts and evidence | ||
| 260 | _c2005 | ||
| 300 | _ap.7-20. | ||
| 362 | _aOct | ||
| 650 | _aBanks | ||
| 650 | _aCorporate governance | ||
| 773 | _aICFAI Journal of Corporate Governance | ||
| 909 | _a67129 | ||
| 999 |
_c67129 _d67129 |
||